000 00967nas a2200325 4500
001 BR0604211
003 BR-BrBNA
005 20231205110355.0
007 ta
008 230509b bl.|||p| |||| 00| 00por d
040 _aBR-BrBNA
_bpor
_cBiblioteca Nacional de Agricultura
041 _a(Pt)
072 _aF04
100 1 _aPadovan, M.P.
100 1 _aAlmeida, D.L. de
100 1 _aGuerra, J.G.M.
100 1 _aRibeiro, R. de L.D.
100 1 _aOliveira, F.L. de
100 1 _aSantos, L.A.
100 1 _aAlves, B.J.R.
100 1 _aSouto, S.M.
245 1 _aDecomposição e liberação de nutrientes de soja cortada em diferentes estádios de desenvolvimento
650 _aSOJA
650 _aNUTRIENTE
650 _aADUBO VERDE
650 _aADUBAÇÃO
773 0 _tPesquisa Agropecuária Brasileira (Brazil)
_xISSN 0100-204X
_g(Apr 2006), v. 41(4) p. 667-672
_wBR0604211
909 _a202311
_bLúcia
_c55
_dLúcia Elande
942 _2AGRIS
_n0
_cANA
999 _c187149
_d187149